UBT Library

DICTIONARY OF LITERARY TERMS AND LITERARY THEORY (Record no. 20959)

000 -LEADER
fixed length control field 00319nam a22001337a 4500
008 - FIXED-LENGTH DATA ELEMENTS--GENERAL INFORMATION
fixed length control field 170714b xxu||||| |||| 00| 0 eng d
020 ## - INTERNATIONAL STANDARD BOOK NUMBER
International Standard Book Number 9780140512274
041 ## - LANGUAGE CODE
Language code of text/sound track or separate title eng
080 ## - UNIVERSAL DECIMAL CLASSIFICATION NUMBER
Universal Decimal Classification number 038
100 ## - Rafti
Rafti 26
101 ## - Shkurtesa
Shkurtesa FJA
245 ## - TITLE STATEMENT
Title DICTIONARY OF LITERARY TERMS AND LITERARY THEORY
Statement of responsibility, etc CUDDON, J.A
942 ## - ADDED ENTRY ELEMENTS (KOHA)
Source of classification or shelving scheme
Item type Books
Holdings
Withdrawn status Lost status Source of classification or shelving scheme Damaged status Not for loan Collection code Permanent location Current location Shelving location Date acquired Total Checkouts Full call number Barcode Date last seen Price effective from Koha item type
          Koleksioni i përgjithshem UBT - Lipjan UBT - Lipjan Koleksioni i përgjithshem 07/14/2017   R 038 CUD 002-2914937 12/07/2017 07/14/2017 Reference
UBT Library © 2015-2024. All rights reserved University Education for Business and Technology